OMORI - OST - Statistics

General Stats
  • This quiz has been taken 457 times
  • The average score is 49 of 181
Answer Stats
Hint Answer % Correct
002 | 096 | 122 WHITE SPACE
81%
168 OMORI
75%
001 Title
74%
178 My Time
70%
172 DUET
67%
005 By Your Side.
63%
086 World's End Valentine
63%
177 Good Morning
58%
179 Fin.
57%
012 Trees...
54%
013 A Home For Flowers (Tulip)
53%
060 It Means Everything.
49%
003 Lost At A Sleepover
49%
145 Friends.
48%
064 Arachnophobia
46%
040 You Were Wrong. Go Back.
46%
014 Acrophobia
45%
004 Spaces In-Between
45%
165 A Home For Flowers (Sunflower)
44%
169 OMORI - ALTER
44%
015 Tussle Among Trees
43%
007 100 Sunny
42%
146 Friendsssssss.
42%
093 Thalassophobia
41%
125 BREADY STEADY GO
40%
088 Lost Library
40%
158 A Home For Flowers (Daisy)
39%
062 A Home For Flowers (Empty)
37%
105 Jawbreaker
37%
009 Push & Shove
37%
157 Something
37%
106 GOLDENVENGEANCE
36%
130 Tee-hee Time
36%
150 Bad Morning
35%
175 Clean Slate
34%
092 Dear Little Brother...
34%
116 Underwater Prom Queens
34%
044 Where We Used To Play
34%
176 The Truth
33%
006 Let's Get Together Now!
32%
129 You Cannot Go Back
32%
056 I Think My Dad Shops Here
31%
139 August/Water
30%
104 Clams Clams Clams
30%
110 Numbers
30%
061 See You Tomorrow
30%
008 Trouble Brewing
30%
107 Underwater Highway
30%
131 Welcome Again.
29%
117 Whale Whale Whale
28%
153 Do You Remember?
27%
075 Forest Frenzy
27%
078 How... sad!
27%
079 How... tragic!
27%
032 Stardust Diving
27%
099 The Last Resort
27%
082 Wandering Rose
27%
094 Water
27%
021 Sugar Star Planetarium
26%
036 CHAOS ASSEMBLY
25%
163 Crossroads
25%
043 Finding Shapes in The Clouds
25%
173 Gone
25%
087 I Just Love The 50's!!!
25%
011 It's Okay To Try Again...
25%
048 Jash Bash
25%
057 Just Leave Me Alone
25%
147 Orchard
25%
042 Photograph
25%
018 Poems In The Fog
25%
069 PRANKED.
25%
059 Respite
25%
010 So, How'd We Do?
25%
170 Try Again Little Brother
25%
132 Fleur
24%
111 Sinking
24%
109 Aquifer
23%
113 Chemistry On and On
23%
103 Gator Gambol
23%
136 Glade
23%
029 Good For Health, Bad For Imagination
23%
074 Pyrefly Forest - Cat's Cradle
23%
024 Recycling Is A Concept
23%
019 Space Road 1979
23%
081 Splintered Sweets in The Castle
23%
108 Squall
23%
083 Stationary Rose
23%
118 Swallow Hollow
23%
076 Sweet Paralysis
23%
091 Swirly 1000x
23%
164 The Violin
23%
072 Those Who Forget History
23%
027 Three Bar Logos
23%
039 Trouble - NEVER/ALWAYS
23%
046 Woof
23%
140 5ths
22%
016 A Place By A Lake
22%
034 A Rose By Any Other Name
22%
134 Drone
22%
119 Gross...
22%
112 H20:HCL
22%
063 Help Me
22%
068 Puddles
22%
035 Stardust Dusting
22%
084 Valour Against All Odds
22%
161 Your Catastrophes
22%
154 Playing Forever
21%
102 Room for 4
21%
143 White Pillars
21%
028 YO DJ PUMP THIS PARTY
21%
137 56-12-2
20%
128 Cold!
20%
058 Cram it wad
20%
133 Distance
20%
080 Eternal Dungeon
20%
017 Forest Chillin'
20%
085 I Definitely Promised You A Rose Garden
20%
053 I Prefer My Pizza 90% Grease
20%
026 I Will Catch Up!
20%
025 Lovesick - 80,000 Lightyears
20%
033 Oh My God.
20%
077 Sweetheart's Quest for Hearts
20%
023 THE VENGEANCE OF THOSE FORGOTTEN IN DARKNESS
20%
031 White Surf Style 6
20%
071 'X' Marks The Spot!
20%
162 Your Catastrophes - Procession
20%
051 Clash of Jash
19%
127 Remember To Be Patient
19%
159 Remina
19%
174 Wake Up
19%
124 Flouring With You
18%
054 Fresh...ish...
18%
095 Hanging With The Boys
18%
101 It's A Ghost Dance
18%
022 Lost, Then Found!
18%
142 Nawa
18%
160 Normal.
18%
100 Not-So-Empty-House
18%
126 Recycling Really Is A Concept
18%
167 Rememberance.
18%
065 Something, Alone
18%
155 Treehouse - Here We Are, Together Again
18%
135 Calm
17%
098 Long Way Down...
17%
171 Persevere
17%
038 Space Boyfriend's Tape - I Want Nothing More
17%
148 Temple
17%
090 Thrifted Tchotchkes
17%
152 A Red Shape
16%
045 Bargain Bin Boys
16%
089 Bookcase
16%
066 Fade
16%
115 Grimey
16%
055 High Fructose Headache
16%
097 Origin
16%
156 Save
16%
020 See In Your Fantasy
16%
030 Snow Forest - A Single Flower Blooms
16%
070 An Archaeic Resonance
15%
138 Bloom
15%
120 That One Song But it's Some Mermaids
15%
067 The Heart of the Desert
15%
073 Tumbleweeds
15%
114 But I Wanna See It All With You!
14%
181 Mari Boss Battle
14%
144 Come and See
13%
123 Fermentation Disorientation
13%
050 Jash Bash 3: Jashpocalypse Infinity
13%
151 Listening
13%
041 Such A Time We Had Together
13%
121 Undertow
13%
141 Waiting for...
13%
166 You Must Carry On.
13%
049 Jash Bash 2: New Age Of Heroes
12%
149 Look
12%
047 Realistic Space Simulation
12%
052 Take A load off
12%
180 Fight Your Friends
11%
037 The Elegance Of The Mysterious And Distant
11%
No matching quizzes found
Score Distribution
Percent of People with Each Score
Percentile by Number Answered
Your Score History
You have not taken this quiz